| 000 | 00426nab a2200145Ia 4500 | ||
|---|---|---|---|
| 003 | ES-SlBCS | ||
| 005 | 20210601125207.0 | ||
| 008 | 140529s1987 xxu||||| |||| 00| 0 eng d | ||
| 041 | _aeng | ||
| 100 | 1 |
_aNielsen, Kai _950638 |
|
| 245 | 0 | 0 |
_aComing to Grips with Marxist Anti-Moralism _c Kai Nielsen |
| 650 | 0 | 4 |
_aMarxismo _918309 |
| 773 | 0 |
_tPhilosophical Forum (The) _gvol. 19, nº. 1, 1987, págs. 1-22 _wRev833 |
|
| 942 | _cAR | ||
| 999 |
_c526292 _d526292 |
||